Countries With a Higher GDP Than New York City - Statistics

General Stats
  • This quiz has been taken 58 times
  • The average score is 20 of 22
Answer Stats
GDP Country % Correct
30.1 T China
100%
11.7 T India
100%
6.1 T Japan
100%
3.6 T France
98%
5.2 T Germany
98%
3.9 T Russia
98%
1.6 T Australia
96%
4.3 T Indonesia
96%
2.8 T Italy
96%
23.8 T United States (without NYC)
96%
3.7 T Brazil
94%
2.1 T Spain
94%
3.5 T United Kingdom
94%
2.2 T Canada
88%
2.6 T South Korea
85%
2.9 T Mexico
83%
1.5 T Poland
81%
3.2 T Turkey
77%
1.5 T Iran
75%
1.6 T Taiwan
73%
2.0 T Saudi Arabia
71%
1.5 T Egypt
65%
No matching quizzes found
Score Distribution
Percent of People with Each Score
Percentile by Number Answered
Your Score History
You have not taken this quiz